000 00679nam a2200193Ia 4500
001 22003
003 GE_BSU
008 181216s||||||||xx |||||||||||||| ||und||
040 _cGE_BSU
245 _aУспехи современной биологии, Том 137. №5 Сентябрь-Октябрь 2017.
245 _cГл.ред.И.А.Захаров-Гезечус и др.
260 _aМосква
260 _c2017
300 _a435-528 стр. 29см.
653 _aПериодика
653 _aУспехи современной биологии, Том 137. №5 Сентябрь-Октябрь 2017.
653 _aპერიოდიკა
942 _cCR
999 _c54932
_d54932